000 00253nam a22001097a 4500
082 _a070/ARY
100 _aArya,Amit
_983565
245 _aWomen,Democracy And The Media
260 _aDelhi
_bAuthors Publishing House
_c2022
650 _aMedia
942 _cBK
999 _c68506
_d68506